Statistiken für Top 15 Länder mit Covid-19-Todesfällen - 6. Oktober 2021

Klicken Sie hier um das Quiz zu spielen!

Allgemein

  • Dieses Quiz wurde 15 mal gespielt
  • Das Durchschnittsergebnis liegt bei 14 aus 25

Antwortstatistiken

Land% Korrekt
Deutschland
100%
Frankreich
100%
Indien
93%
Russland
93%
Vereinigte Staaten
93%
Italien
87%
Vereinigtes Königreich
87%
Brasilien
73%
Mexiko
73%
Argentinien
67%
Belgien
60%
Peru
53%
Südafrika
53%
Slowakei
47%
Ungarn
47%
Iran
40%
Kolumbien
40%
Slowenien
40%
Tschechien
40%
Indonesien
33%
Bosnien und Herzegowina
20%
Bulgarien
20%
Georgien
20%
Paraguay
20%
Nordmazedonien
13%

Verteilung der Resultate

Perzentil nach korrekt beantworteten Fragen

Anzahl Personen mit jedem Resultat

Ihre Resultats-Entwicklung

Sie haben dieses Quiz noch nicht gespielt